MARC

LEADER 00000nas a2200000 a 4500
001 ssj0003431
003 WaSeSS
005 20200512172242.0
006 m d
007 cr n
008 781005d19792017caumn p s 0 a0eng c
010 |a  79643151   |z sn 79001927  
016 7 |a 9891539  |2 DNLM 
016 7 |a SR0091139  |2 DNLM 
022 |l 0149-0699  |y 0149-0699 
032 |a 489430  |b USPS 
035 |a (WaSeSS)ssj0003431 
037 |b Condé Nast Publications, inc., 350 Madison Ave., New York, N.Y. 10017 
040 |a NSD  |b eng  |c NSD  |d DLC  |d NSD  |d DLC  |d NSD  |d OCL  |d NSD  |d AIP  |d NST  |d IUL  |d NST  |d CUS  |d SYS  |d CLU  |d NLM  |d OCLCQ  |d DLC  |d OCLCQ  |d OCLCF  |d OCLCO  |d OCLCQ  |d GRR  |d OCLCO  |d IUL  |d WaSeSS 
042 |a pcc  |a nsdp 
050 0 0 |a RA778.A1  |b S44 
082 0 4 |a 613/.04244 
210 0 |a Self  |b (New York) 
222 0 |a Self  |b (New York) 
245 0 0 |a Self  |h [electronic resource]. 
260 |a [Beverly Hills, CA] :  |b [Condé Nast Publications, etc.] 
310 |a Monthly (except for combined issues January/February and July/August),  |b -2017 
321 |a Monthly 
362 0 |a V. 1 (Jan. 1979)- 
362 1 |a Ceased with: Vol. 39, no. 1 (Jan./Feb. 2017). 
500 |a Published: New York, 1979-2017. 
500 |a Has special issues. 
500 |a Additional information on women's health is available on the journal's Web site. 
506 |a License restrictions may limit access. 
588 |a Latest issue consulted: Vol. 39, no. 1 (Jan./Feb. 2017). 
650 0 |a Women  |x Health and hygiene  |v Periodicals. 
650 0 |a Physical fitness for women  |v Periodicals. 
650 0 |a Beauty, Personal  |v Periodicals. 
650 0 |a Women  |x Psychology  |v Periodicals. 
650 7 |a Beauty, Personal.  |2 fast  |0 (OCoLC)fst00829396 
650 7 |a Physical fitness for women.  |2 fast  |0 (OCoLC)fst01062638 
650 7 |a Women  |x Health and hygiene.  |2 fast  |0 (OCoLC)fst01176758 
650 7 |a Women  |x Psychology.  |2 fast  |0 (OCoLC)fst01176894 
655 0 |a Electronic journals. 
780 0 5 |t Women's sports & fitness (New York, N.Y. : 1998)  |x 1099-6079  |w (DLC)sn 98000610  |w (OCoLC)39105889 
785 0 4 |t Glamour  |x 0017-0747  |w (DLC) 43033892  |w (OCoLC)5259082 
850 |a DLC  |a InU  |a MiEM  |a OC  |a PPiU  |a TU 
853 3 0 |8 1  |a v.  |b no.  |i (year)  |j (month) 
856 4 0 |z Full text available from Research Library: 08/01/2008 to 01/31/2017  |u https://search.proquest.com/publication/48191 
863 4 0 |8 1  |a <1>-  |i <1979>-  |x provisional